000 00322nam a2200133Ia 4500
008 230818s1999 xx 000 0 und d
041 _aeng
100 _aFoley
245 _aHospitality Tourism & Leisure Management
260 _bCassell
_c1999
300 _a262p
520 _aGeneral
999 _c852684
_d852684
650 _aHospitatity & Tourism